Ecosystems and integrated water resources management in South Asia / (Record no. 60161)

MARC details
000 -LEADER
fixed length control field 01034nam a22002537a 4500
005 - DATE AND TIME OF LATEST TRANSACTION
control field 20120103110221.0
008 - FIXED-LENGTH DATA ELEMENTS--GENERAL INFORMATION
fixed length control field 120103t xxu||||| |||| 00| 0 eng d
010 ## - LCCN (DPL NO)
LC control number ENG-104547
020 ## - INTERNATIONAL STANDARD BOOK NUMBER
International Standard Book Number 9780415693059
Terms of availability 995.00
035 ## - SYSTEM CONTROL NUMBER
System control number EN-88080
037 ## - SOURCE OF ACQUISITION
Source of stock number/acquisition DBAD/PUB
040 ## - CATALOGING SOURCE
Original cataloging agency DPL
Language of cataloging Eng
082 ## - DEWEY DECIMAL CLASSIFICATION NUMBER
Classification number 333.91054
245 ## - TITLE STATEMENT
Title Ecosystems and integrated water resources management in South Asia /
Statement of responsibility, etc edited by E.R. N. Gunawardena, Brij Gopal [and] Hemesiri Kotagama
260 ## - PUBLICATION, DISTRIBUTION, ETC. (IMPRINT)
Place of publication, distribution, etc New Delhi
Name of publisher, distributor, etc Routledge
Date of publication, distribution, etc 2012
270 ## - ADDRESS
Address 912, Tolstoy House, 15-17 Tolstoy Marg, Connaught Place
City New Delhi
Postal code 110001
300 ## - PHYSICAL DESCRIPTION
Extent xviii,384p. :
Dimensions 23cm (Hb)
Other physical details ill.
500 ## - GENERAL NOTE
General note Includes bibliographical references and index
700 ## - ADDED ENTRY--PERSONAL NAME
Personal name Gunawardena, E.R.N.
9 (RLIN) 37866
700 ## - ADDED ENTRY--PERSONAL NAME
Personal name Brij Gopal
9 (RLIN) 37867
700 ## - ADDED ENTRY--PERSONAL NAME
Personal name Kotagama, Hemesiri
9 (RLIN) 37880
942 ## - ADDED ENTRY ELEMENTS (KOHA)
Source of classification or shelving scheme Dewey Decimal Classification
Item type English Books
Classification part 333.91054
Call number suffix ECO
Holdings
Withdrawn status Lost status Source of classification or shelving scheme Damaged status Not for loan Collection code Home library Current library Date acquired Source of acquisition Cost, normal purchase price Total Checkouts Full call number Barcode Date last seen Copy number Cost, replacement price Koha item type
    Dewey Decimal Classification   Not For Loan Non-fiction D.B.Act.Division D.B.Act.Division 03/01/2012 DBAD/PUB 995.00   333.91054 ECO EN-88080 03/01/2012 1 995.00 English Books

© Delhi Public Library
Hit Counter
free hit counter